00454 2200193 4500001002100000005001500021008004100036020002200077035001900099041000700118082000800125090001400133100002000147245001500167260002100182300002600203500001000229650002100239INLIS00000000000402820241224112832241224||||||||| | ||| |||| || |  a978-602-8252-55-3 0010-1224004028 aid0 a813 a813 ZUB d0 aAndy Yentriyani00aDemi Damai bJala Sutrac2015 axxxvi,328 hlm.;21 cm. aCet.1 0aImu Kesusastraan